000 00383nam a2200145Ia 4500
008 151213s9999 xx 000 0 und d
100 _aLaurence Perrine
245 _aSound & Sense an Introduction to Poetry
_cLaurence Perrine
250 _a3rd
260 _aNew york
_bHar court Brace
_c1969
300 _a1901 p.
650 _aEnglish
700 _aLaurence Perrine
999 _c1406
_d1406